Middlesbrough Top Goalscorers of All Time - Statistics

General Stats
  • This quiz has been taken 15 times
  • The average score is 9 of 50
Answer Stats
Player APP Goals % Correct
Mark Viduka 101 42
62%
Brian Clough 24 28
54%
Chuba Akpom 82 34
54%
Bernie Slaven 78 28
46%
Stewart Downing 404 32
46%
Alen Boksic 76 22
38%
George Camsell 31 22
38%
Jimmy Floyd Hasselbaink 89 33
38%
Patrick Bamford 97 33
38%
Wilf Mannion 283 84
38%
Britt Assombalonga 161 47
31%
David Armstrong 311 57
31%
Emmanuel Latte Lath 67 29
31%
Hamilton Ricard 128 37
31%
Juninho Paulista 149 34
31%
Ashley Fletcher 109 28
23%
Joseph-Desire Job 110 21
23%
Paul Wilkinson 57 19
23%
Szilard Nemeth 145 29
23%
Brian Deane 93 19
15%
Craig Hignett 119 26
15%
David Mills 191 58
15%
Massimo Maccarone 102 24
15%
Matt Crooks 115 23
15%
Albert Adomah 143 26
8%
Barry Robson 90 19
8%
Daniel Ayala 216 23
8%
Duncan Watmore 97 21
8%
Grant Leadbitter 244 33
8%
John Hickton 121 25
8%
Marcus Forss 79 18
8%
Mikkel Beck 110 29
8%
Robbie Mustoe 282 19
8%
Scott McDonald 124 39
8%
Yakubu Aiyegbeni 104 35
8%
Alan Foggon 66 19
0%
Alex McCrae 123 47
0%
Arthur Fitzsimons 89 19
0%
Billy Ashcroft 165 21
0%
David Shearer 79 21
0%
Fabrizio Ravenelli 50 32
0%
Geoff Walker 237 49
0%
Johnny Spuhler 216 67
0%
Leroy Lita 82 20
0%
Lindy Delapenha 156 54
0%
Marvin Emnes 162 31
0%
Micky Burns 62 24
0%
Micky Fenton 112 61
0%
Peter McKennan 40 18
0%
Tuncay Sanli 78 18
0%
No matching quizzes found
Score Distribution
Percent of People with Each Score
Percentile by Number Answered
Your Score History
You have not taken this quiz